000
00230nam a2200085Ia 4500
245
0
_a
Chocolates for my wife
100
_a
MATSHIKIZA, Todd Cape Town, 1990
_9
87826
942
_c
BK
008
210825s9999 xx 000 0 und d
999
_c
563031
_d
563030